000 00705nas a2200265 4500
001 BR8801903
003 BR-BrBNA
005 20231205091103.0
007 ta
008 230509b bl.|||p| |||| 00| 00por d
040 _aBR-BrBNA
_bpor
_cBiblioteca Nacional de Agricultura
041 _a(Pt)
072 _aL02; L70; L72
100 1 _aAnon.
245 1 _aSirvam-se: e terra boa
650 _aPRODUCAO ANIMAL
650 _aDOENCA ANIMAL
650 _aANEMIA
650 _aNUTRICAO ANIMAL
650 _aFERRO
650 _aSUÍNO
773 0 _tGlobo Rural (Brazil)
_xISSN 0102-6178
_g(Nov 1987), v. 3(26) p. 27-29
_wBR8801903
909 _a202311
_bLúcia
_c55
_dLúcia Elande
942 _2AGRIS
_n0
_cANA
999 _c122676
_d122676